Southville International School and Colleges
Your cart is empty.
  • Cart
  • Lists
    Public lists Eva Luna New books Lux_list list_1
    Your lists Log in to create your own lists
  • Log in to your account
  • Your cookies
  • Search history
Southville International School and Colleges
  • Advanced search
  • Recent comments
  • Most popular
  • Libraries

Log in to your account

Log in with GOOGLE


If you do not have an external account, but do have a local account, you can still log in:

  1. Home
  2. MARC view: The Professional Bar & Beverages Manager's Handbook:
Normal view MARC view ISBD view

The Professional Bar & Beverages Manager's Handbook: (Record no. 362560)

[ view plain ]
MARC details
000 -LEADER
fixed length control field 00783nam a2200193Ia 4500
003 - CONTROL NUMBER IDENTIFIER
control field SISFU
005 - DATE AND TIME OF LATEST TRANSACTION
control field 20260212170405.0
008 - FIXED-LENGTH DATA ELEMENTS--GENERAL INFORMATION
fixed length control field 191108s9999 xx 000 0 und d
020 ## - INTERNATIONAL STANDARD BOOK NUMBER
International Standard Book Number 978-0-910-627-59-7
050 ## - LIBRARY OF CONGRESS CALL NUMBER
Classification number TX 950.7
Item number .M57 2006
100 ## - MAIN ENTRY--PERSONAL NAME
Personal name The professional bar & beverage manager's handbook :
245 ## - TITLE STATEMENT
Statement of responsibility, etc Amanda Miron, Douglas Robert Brown
Title The Professional Bar & Beverages Manager's Handbook:
Remainder of title how to open and operate a financially successful bar, tavern, and nightclub /
260 ## - PUBLICATION, DISTRIBUTION, ETC. (IMPRINT)
Place of publication, distribution, etc Ocala, Florida :
Name of publisher, distributor, etc Atlantic Publishing Group, Inc.
Date of publication, distribution, etc 2006
300 ## - PHYSICAL DESCRIPTION
Extent 554 pages :
Dimensions 28 cm.
500 ## - GENERAL NOTE
General note Includes glossary, references, and index.
650 ## - SUBJECT ADDED ENTRY--TOPICAL TERM
Topical term or geographic name as entry element Bars (Drinking establishments) -- Management.
650 ## - SUBJECT ADDED ENTRY--TOPICAL TERM
Topical term or geographic name as entry element Taverns (Inns) -- Management.
942 ## - ADDED ENTRY ELEMENTS (KOHA)
Source of classification or shelving scheme Library of Congress Classification
Koha item type Books
Holdings
Withdrawn status Lost status Source of classification or shelving scheme Damaged status Home library Current library Shelving location Date acquired Source of acquisition Total Checkouts Full call number Barcode Date last seen Price effective from Koha item type
    Library of Congress Classification   Southville International School Affiliated with Foreign Universities Library Southville International School Affiliated with Foreign Universities Library Southville Foreign University Section 11/08/2019 Donation   TX 950.7 .M57 2006 SFU0394 11/08/2019 11/08/2019 Books

The Professional Bar & Beverages Manager's Handbook:

APA

The professional bar & beverage manager's handbook, . (2006). The Professional Bar & Beverages Manager's Handbook. Ocala, Florida: Atlantic Publishing Group, Inc.

Chicago

The professional bar & beverage manager's handbook, . 2006. The Professional Bar & Beverages Manager's Handbook. Ocala, Florida: Atlantic Publishing Group, Inc.

Harvard

The professional bar & beverage manager's handbook, . (2006). The Professional Bar & Beverages Manager's Handbook. Ocala, Florida: Atlantic Publishing Group, Inc.

MLA

The professional bar & beverage manager's handbook, . The Professional Bar & Beverages Manager's Handbook. Ocala, Florida: Atlantic Publishing Group, Inc. 2006.

  • Place hold
  • Print
  • Cite
  • Add to your cart (remove)
  • Save record
    BIBTEX Dublin Core MARCXML MARC (non-Unicode/MARC-8) MARC (Unicode/UTF-8) MARC (Unicode/UTF-8, Standard) MODS (XML) RIS
  • More searches
    Search for this title in:
    Other Libraries (WorldCat) Other Databases (Google Scholar) Online Stores (Bookfinder.com) Open Library (openlibrary.org)

Exporting to Dublin Core...

SOUTHVILLE LIBRARY

Southville International School and Colleges Library

1281 Tropical Ave. Cor. Luxembourg St., BF Homes International, Las Pinas City

Tel. No. 8256374 / 252358 Loc. 117/146

Powered by Koha